Text book of surveying (Record no. 9715)

000 -LEADER
fixed length control field 00462nam a2200193 4500
001 - CONTROL NUMBER
control field 9715
003 - CONTROL NUMBER IDENTIFIER
control field BD-DhUET
008 - FIXED-LENGTH DATA ELEMENTS--GENERAL INFORMATION
fixed length control field 150201b xxu||||| |||| 00| 0 eng d
040 ## - CATALOGING SOURCE
Original cataloging agency DLC
Transcribing agency DLC
Modifying agency BD-DhUET
082 ## - DEWEY DECIMAL CLASSIFICATION NUMBER
Classification number 526.9
Item number SHA/1982
100 ## - MAIN ENTRY--PERSONAL NAME
Personal name Shajahan, M.
245 ## - TITLE STATEMENT
Title Text book of surveying
250 ## - EDITION STATEMENT
Edition statement 1st ed.
260 ## - PUBLICATION, DISTRIBUTION, ETC. (IMPRINT)
Place of publication, distribution, etc. Dacca
Name of publisher, distributor, etc. Kazi Mahfuzur Rahman
Date of publication, distribution, etc. 1982
300 ## - PHYSICAL DESCRIPTION
Extent x, 367p.
Other physical details ill.
650 #0 - SUBJECT ADDED ENTRY--TOPICAL TERM
Topical term or geographic name as entry element Surveying
700 ## - ADDED ENTRY--PERSONAL NAME
Personal name Aziz, M. A.
942 ## - ADDED ENTRY ELEMENTS (KOHA)
Koha item type General Book
Holdings
Koha date last seen Koha normalized classification for sorting Koha out on loan Not for loan Koha date last borrowed Location (home branch) Koha issues (times borrowed) Shelving location Date acquired Damaged status Koha full call number Lost status Price effective from Source of classification or shelving scheme Copy number Withdrawn status Sublocation or collection (holding branch) Koha item type Piece designation (barcode)
2025-12-02526_900000000000000_SHA_1982  2024-11-19Central Library, BUET7Circulation section2015-02-01 526.9/SHA/1982 2015-02-01 1 Central Library, BUETGeneral Book56198
2024-11-19526_900000000000000_SHA_19822024-12-03 2024-11-19Central Library, BUET8Circulation section2015-03-24 526.9/SHA/1982 2015-03-24 2 Central Library, BUETGeneral Book56200
2015-06-08526_900000000000000_SHA_1982   Central Library, BUET Reading section2015-06-08 526.9/SHA/1982 2015-06-08 3 Central Library, BUETReading Item56191
2015-06-08526_900000000000000_SHA_1982   Central Library, BUET Reading section2015-06-08 526.9/SHA/1982 2015-06-08 4 Central Library, BUETReading Item56195
2015-06-09526_900000000000000_SHA_1982   Central Library, BUET Reading section2015-06-09 526.9/SHA/1982 2015-06-09 5 Central Library, BUETReading Item56192
2015-06-13526_900000000000000_SHA_1982   Central Library, BUET Reading section2015-06-13 526.9/SHA/1982 2015-06-13 6 Central Library, BUETReading Item56194